000 00558nam a22001817a 4500
999 _c15377
_d15377
003 AR-CdUCM
008 190426b ||||| |||| 00| 0 spa d
040 _aMUNICIPALIDAD PROVINCIAL DEL CUSCO
_cBIBLIOTECA MUNICIPAL DEL CUSCO
082 _aEP / 398.25 /
_bS21
100 _aSánchez Lihón, Danilo
_9846
245 _aEl amaru /
260 _aLima :
_bBruño,
300 _a16 páginas ;
_bIlustraciones,
_c29 cm.
440 _aMitos y leyendas del Perú ;
_934428
650 _aLiteratura infantil
_9588
942 _2ddc
_cLIBROS
945 _aacv
_d2019-04-26